00333 a2200097 4500001001000000005001700010008004100027245008200068100002300150773006200173ART_5384820260410162035.0260409a 10aContratación de trabajadores a través de empresas de servicios eventuales1 aDe Luca, Lorena F.0 tLiquidación de sueldosg- N° 185 (oct. 2021)wREV44399